000
00333nam a2200133Ia 4500
008
151001s9999||||xx |||||||||||||| ||und||
100
_a
सुमती कुकडे
245
_a
गाणे आहाराचे
250
_a
1
260
_b
मधुराज
260
_c
2002
300
_a
12
365
_b
21
999
_c
983725
_d
983722